Statistics for All Cities With a Population of 1 Million

Click here to take the quiz!

General Stats

  • This quiz has been taken 103 times
  • The average score is 138 of 238

Answer Stats

CountryPopulationCity% Correct
Japan13,513,734Tokyo
99%
China21,516,000Beijing
97%
Russia12,197,596Moscow
97%
India16,787,941Delhi
96%
China24,256,800Shanghai
96%
Turkey14,025,000Istanbul
94%
India12,478,447Mumbai
94%
South Korea9,995,784Seoul
93%
Mexico8,974,724Mexico City
92%
Russia5,191,690Saint Petersburg
92%
Brazil12,038,175São Paulo
92%
Iran8,154,051Tehran
92%
Germany3,517,424Berlin
90%
Egypt10,230,350Cairo
90%
Indonesia10,075,310Jakarta
90%
Peru8,852,000Lima
90%
Brazil6,429,923Rio de Janeiro
90%
Iraq7,180,889Baghdad
89%
Thailand8,280,925Bangkok
89%
Colombia7,878,783Bogotá
89%
Bangladesh14,543,124Dhaka
89%
Vietnam6,844,100Hanoi
89%
United Kingdom8,787,892London
89%
United States8,550,405New York City
89%
Taiwan2,704,974Taipei
89%
Egypt4,616,625Alexandria
88%
Turkey5,271,000Ankara
88%
China7,374,900Hong Kong
88%
Nigeria16,060,303Lagos
88%
United States3,884,307Los Angeles
88%
Singapore5,535,000Singapore
88%
Algeria3,415,811Algiers
86%
South Africa3,740,026Cape Town
86%
United States2,695,598Chicago
86%
China14,043,500Guangzhou
86%
D.R. Congo10,130,000Kinshasa
86%
Spain3,207,247Madrid
86%
Saudi Arabia5,676,621Riyadh
86%
Morocco5,117,832Casablanca
85%
Pakistan14,910,352Karachi
85%
France2,229,621Paris
85%
Italy2,877,215Rome
85%
Argentina3,054,300Buenos Aires
83%
Vietnam7,681,700Ho Chi Minh City
83%
United States2,489,558Houston
83%
South Africa4,434,827Johannesburg
83%
Phillippines1,780,148Manila
83%
Japan2,691,742Osaka
83%
United States1,317,929Dallas
82%
Pakistan1,014,825Islamabad
82%
Ukraine2,908,703Kiev
82%
India4,486,679Kolkata
82%
Belarus1,959,781Minsk
82%
Ecuador2,671,191Quito
82%
Canada2,731,571Toronto
82%
Spain1,604,555Barcelona
81%
United Arab Emirates2,643,410Dubai
81%
Pakistan10,355,000Lahore
79%
Canada1,649,519Montreal
79%
United States1,567,872Philadelphia
79%
Austria1,863,881Vienna
79%
Brazil2,556,149Brasília
78%
Romania1,883,425Bucharest
78%
Hungary1,759,407Budapest
78%
Malaysia1,768,000Kuala Lumpur
78%
Germany1,450,381Munich
78%
Kenya3,138,369Nairobi
78%
Ethiopia3,103,673Addis Ababa
76%
Tanzania4,364,541Dar es Salaam
76%
Yemen1,937,451Sana'a
76%
Venezuela1,943,901Caracas
75%
Germany1,787,408Hamburg
75%
Afghanistan3,414,100Kabul
75%
Sudan3,639,598Khartoum
75%
Chile5,743,719Santiago
75%
Poland1,753,977Warsaw
75%
United Kingdom1,111,300Birmingham
74%
India7,088,000Chennai
74%
North Korea3,255,388Pyongyang
74%
Ghana2,070,463Accra
72%
South Korea3,510,833Busan
72%
Mexico1,495,189Guadalajara
72%
Italy1,359,905Milan
72%
Uzbekistan2,309,600Tashkent
72%
Tunisia1,056,247Tunis
72%
Myanmar5,214,000Yangon
72%
Azerbaijan3,202,300Baku
71%
China4,741,929Chengdu
71%
Cuba2,106,146Havana
71%
Pakistan1,732,693Hyderabad
71%
India7,859,250Hyderabad
71%
Nepal1,744,240Kathmandu
71%
Libya1,126,000Tripoli
71%
China8,705,600Xi'an
71%
Nigeria1,235,880Abuja
69%
New Zealand1,495,000Auckland
69%
India8,425,970Bengaluru
69%
China8,189,800Chongqing
69%
Guatemala2,110,100Guatemala City
69%
Japan1,918,096Sapporo
69%
South Africa3,442,361Durban
68%
Angola2,825,311Luanda
68%
Colombia2,441,123Medellin
68%
Uruguay1,305,082Montevideo
68%
Cambodia2,234,566Phnom Penh
68%
Czech Republic1,324,000Prague
68%
China6,859,779Tianjin
68%
Brazil2,502,557Belo Horizonte
67%
Senegal1,146,053Dakar
67%
Saudi Arabia3,456,259Jeddah
67%
Mexico1,130,960Monterrey
67%
China6,886,253Wuhan
67%
United Arab Emirates1,145,000Abu Dhabi
65%
India5,570,585Ahmedabad
65%
Republic of the Congo1,827,000Brazzaville
65%
Zimbabwe1,606,000Harare
65%
Brazil1,555,039Recife
65%
United States1,394,928San Diego
65%
Turkey4,168,000Izmir
64%
Uganda1,507,080Kampala
64%
United States1,563,025Phoenix
64%
Ivory Coast4,765,000Abidjan
63%
Bangladesh2,581,643Chittagong
63%
Germany1,057,327Cologne
63%
China4,280,701Harbin
63%
Colombia2,400,653Cali
61%
Japan1,474,570Kyoto
61%
China8,230,000Nanjing
61%
China3,531,347Xiamen
61%
Japan2,296,014Nagoya
60%
China10,778,900Shenzhen
60%
Georgia1,118,035T'bilisi
60%
Cameroon2,440,462Yaoundé
60%
Armenia1,060,138Yerevan
60%
Serbia1,166,763Belgrade
58%
Japan1,196,274Hiroshima
58%
Brazil1,476,867Porto Alegre
58%
India3,115,431Pune
58%
China8,106,171Shenyang
58%
Ecuador3,600,000Guayaquil
57%
Mozambique1,766,184Maputo
57%
Burkina Faso2,200,000Ouagadougou
57%
Nicaragua2,560,789Managua
56%
Indonesia2,765,487Surabaya
56%
Brazil2,609,716Fortaleza
54%
China3,560,391Hangzhou
54%
Nigeria2,153,225Kano
54%
India4,462,002Surat
54%
Japan3,726,167Yokohama
54%
Kazakhstan1,703,481Almaty
53%
Zambia1,742,979Lusaka
53%
Brazil2,902,927Salvador
53%
Indonesia2,575,478Bandung
50%
Australia1,180,285Brisbane
50%
Canada1,235,171Calgary
50%
United States1,469,845San Antonio
49%
China2,146,099Dalian
47%
Japan1,483,052Fukuoka
47%
Russia1,567,087Novosibirsk
47%
China6,188,100Qingdao
47%
Egypt4,239,988Giza
46%
Iran2,243,249Isfahan
46%
Russia1,428,042Yekaterinburg
46%
Cameroon2,446,945Douala
44%
China3,352,076Hefei
44%
India3,073,350Jaipur
44%
Japan1,536,499Kobe
44%
India2,815,601Lucknow
44%
Iran3,312,090Mashhad
44%
Iraq2,750,000Basra
43%
China7,044,118Changsha
43%
South Korea2,492,994Daegu
43%
Pakistan3,203,846Faisalabad
43%
Morocco1,112,072Fez
43%
Russia1,250,619Nizhny Novgorod
43%
Mexico1,696,923Tijuana
43%
Brazil1,879,355Curitiba
42%
Nigeria1,338,659Ibadan
40%
Indonesia2,097,610Medan
39%
China5,391,028Shantou
39%
China4,122,087Zhengzhou
39%
Colombia1,386,865Barranquilla
38%
Algeria1,560,329Oran
38%
Russia1,119,900Rostov-on-Don
36%
Iran1,733,033Tabriz
36%
China7,115,369Fuzhou
35%
Venezuela1,599,940Maracaibo
35%
Iran1,869,001Shiraz
35%
South Korea2,978,367Incheon
33%
India2,405,665Nagpur
33%
Pakistan2,098,231Rawalpindi
33%
Argentina1,193,605Rosario
33%
Argentina1,330,023Córdoba
32%
Taiwan2,778,918Kaohsiung
32%
Russia1,154,116Omsk
32%
Phillippines2,936,116Quezon City
32%
China9,175,000Wenzhou
32%
Brazil1,164,098Campinas
29%
China3,815,270Changchun
29%
Myanmar1,319,452Mandalay
29%
India2,768,057Kanpur
28%
China2,177,130Lanzhou
28%
China10,650,501Suzhou
28%
India1,798,218Bhopal
26%
China8,220,207Dongguan
26%
China3,491,597Ningbo
26%
Pakistan1,970,042Peshawar
25%
Taiwan2,752,413Taichung
25%
Indonesia1,338,633Makassar
22%
China4,303,700Shijiazhuang
22%
China2,009,273Jinan
21%
India1,683,200Patna
21%
Taiwan1,885,252Tainan
21%
Indonesia1,708,413Palembang
19%
China6,151,622Foshan
18%
Phillippines1,632,991Davao City
15%
South Korea1,535,028Daejeon
14%
Pakistan2,027,001Gujranwala
14%
Japan1,496,035Kawasaki
14%
Ukraine1,447,881Kharkov
14%
India2,232,456Kochi
14%
South Korea1,163,690Ulsan
14%
Indonesia1,555,984Semarang
13%
China3,187,171Tangshan
13%
China8,128,533Quanzhou
11%
Taiwan3,954,929New Taipei City
10%
Japan1,226,656Saitama
10%
Bolivia1,453,549Santa Cruz de la Sierra
10%
China3,121,275Zhongshan
8%
Zimbabwe1,050,000Bulawayo
6%
India2,035,922Visakhapatnam
6%
India1,491,202Vijayawada
4%
China6,127,009Zunyi
4%
Iran1,973,470Karaj
3%
Phillippines1,583,978Caloocan
1%
China2,669,844Chaozhou
1%
South Africa3,178,470Ekurhuleni
1%
South Korea1,477,780Kwangju
0%

Score Distribution

Percentile by Number Answered

Percent of People with Each Score

Your Score History

You have not taken this quiz